<?xml version="1.0" encoding="UTF-8"?>
<collection xmlns="http://www.loc.gov/MARC21/slim">
 <record>
  <leader>00804nam a2200229 a 4500</leader>
  <controlfield tag="001">TVCDKTCT657</controlfield>
  <controlfield tag="003">Thư viện trường Cao đẳng Kỹ thuật Cao Thắng</controlfield>
  <controlfield tag="005">20170525091449.9</controlfield>
  <controlfield tag="008">050803</controlfield>
  <datafield tag="980" ind1="\" ind2="\">
   <subfield code="a">Thư viện Trường CĐ Kỹ Thuật Cao Thắng</subfield>
  </datafield>
  <datafield tag="024" ind1=" " ind2=" ">
   <subfield code="a">RG_1 #1 eb0 i1</subfield>
  </datafield>
  <datafield tag="041" ind1="0" ind2="#">
   <subfield code="a">vie</subfield>
  </datafield>
  <datafield tag="082" ind1="#" ind2="#">
   <subfield code="a">338.5 / </subfield>
   <subfield code="b">TR121CH-k</subfield>
  </datafield>
  <datafield tag="100" ind1="1" ind2="#">
   <subfield code="a">Trần Văn Chánh, </subfield>
   <subfield code="e">Người dịch</subfield>
  </datafield>
  <datafield tag="245" ind1="0" ind2="0">
   <subfield code="a">Kinh tế công nghiệp theo định hướng XHCN / </subfield>
   <subfield code="c">Trần Văn Chánh</subfield>
  </datafield>
  <datafield tag="250" ind1="#" ind2="#">
   <subfield code="a">In lần thứ 1</subfield>
  </datafield>
  <datafield tag="260" ind1="#" ind2="#">
   <subfield code="a">Tp.HCM : </subfield>
   <subfield code="b">Đại Học Kinh Tế TPHCM , </subfield>
   <subfield code="c">1990</subfield>
  </datafield>
  <datafield tag="300" ind1="#" ind2="#">
   <subfield code="a">332tr. ; </subfield>
   <subfield code="c">19cm</subfield>
  </datafield>
  <datafield tag="650" ind1="#" ind2="4">
   <subfield code="a">Kinh tế công nghiệp</subfield>
  </datafield>
  <datafield tag="650" ind1="#" ind2="4">
   <subfield code="a">Xã hội chủ nghĩa</subfield>
  </datafield>
  <datafield tag="721" ind1="#" ind2="#">
   <subfield code="a">Kế Toán</subfield>
  </datafield>
  <datafield tag="841" ind1="#" ind2="#">
   <subfield code="b">Kho Sách </subfield>
   <subfield code="j">100003598</subfield>
  </datafield>
 </record>
</collection>
